[Event "Reykjavik-ch"]
[Site "Reykjavik"]
[Date "2012.01.20"]
[Round "6"]
[White "Kristinsson, Bjarni Jens"]
[Black "Thorsteinsdottir, Hallgerdur"]
[Result "1-0"]
[WhiteElo "2019"]
[BlackElo "1969"]
[PlyCount "127"]
[EventDate "2012.01.08"]
[EventType "swiss"]
[EventRounds "9"]
[EventCountry "ISL"]
[SourceTitle "EXT 2014"]
[Source "ChessBase"]
[SourceDate "2013.11.20"]
[SourceVersion "1"]
[SourceVersionDate "2013.11.20"]
[SourceQuality "1"]

1. d4 Nf6 2. c4 g6 3. Nf3 Bg7 4. g3 0-0 5. Bg2 d5 6. 0-0 dxc4 7. Na3 Be6 8. Ng5 Bd5 9. e4 h6 10. exd5 hxg5 11. d6 c6 12. dxe7 Qxe7 13. Bxg5 c3 14. Qf3 cxb2 15. Rab1 Nbd7 16. Rxb2 Nb6 17. Rfb1 Qd6 18. Nc2 Nfd5 19. Qb3 c5 20. a4 cxd4 21. a5 Nc3 22. axb6 d3 23. Ne1 Nxb1 24. Rxb1 axb6 25. Qxd3 Qxd3 26. Nxd3 Bd4 27. Bxb7 Ra2 28. h4 Rb8 29. Bd5 Ra3 30. Bc4 Rc8 31. Be7 Rc3 32. Bb5 R8c7 33. Bb4 Rc2 34. Kg2 Kg7 35. Bd6 Ra7 36. Be5+ Bxe5 37. Nxe5 Raa2 38. Nd3 Rd2 39. Kf3 Kf6 40. Bc4 Rac2 41. Rxb6+ Kg7 42. Ke3 Re2+ 43. Kd4 Re7 44. Rd6 Rc7 45. Bb3 R2c3 46. Bd5 Rc2 47. Bb3 R2c3 48. Bd5 Rc2 49. f3 Re7 50. Ne5 Rd2+ 51. Ke3 Rb2 52. Kf4 Rb4+ 53. Be4 Ra4 54. g4 Ra1 55. Bd5 Ra4+ 56. Be4 Ra1 57. Nxg6 fxg6 58. Rxg6+ Kf7 59. h5 Rh1 60. Rb6 Kg8 61. h6 Rc7 62. h7+ Kg7 63. Rg6+ Kf7 64. Rg8 1-0

[Event "London Classic op"]
[Site "London"]
[Date "2011.12.06"]
[Round "4"]
[White "Ledger, Dave J"]
[Black "Kristinsson, Bjarni Jens"]
[Result "1-0"]
[WhiteElo "2228"]
[BlackElo "2045"]
[PlyCount "79"]
[EventDate "2011.12.03"]
[EventType "swiss"]
[EventRounds "9"]
[EventCountry "ENG"]
[SourceTitle "CBM 145 Extra"]
[Source "ChessBase"]
[SourceDate "2012.01.03"]
[SourceVersion "1"]
[SourceVersionDate "2012.01.03"]
[SourceQuality "1"]

1. e4 c5 2. Nf3 d6 3. d4 cxd4 4. Nxd4 Nf6 5. Nc3 a6 6. Be3 e5 7. Nb3 Be6 8. Qd2 Nbd7 9. f3 h5 10. 0-0-0 Rc8 11. h3 h4 12. f4 Be7 13. Bd3 Qc7 14. Rhe1 b5 15. Kb1 0-0 16. Bf2 b4 17. Nd5 Bxd5 18. exd5 a5 19. Bf5 Rb8 20. fxe5 Ne8 21. e6 Ne5 22. Qe2 Bf6 23. exf7+ Nxf7 24. Qh5 Nh6 25. Be6+ Kh7 26. Nd4 g6 27. Qe2 Ng7 28. Qe4 Be5 29. Nf3 Rf4 30. Qd3 Bf6 31. Re4 Nxe6 32. dxe6 Rxe4 33. Qxe4 Nf5 34. Bxh4 Nxh4 35. Nxh4 Qg7 36. Rxd6 Re8 37. Nf3 Re7 38. Nd4 Be5 39. Qh4+ Qh6 40. Qxe7+ 1-0

[Event "Kecskemet Caissa IM 11"]
[Site "Kecskemet"]
[Date "2011.11.27"]
[Round "9"]
[White "Kristinsson, Bjarni Jens"]
[Black "Kovacs, Klara"]
[Result "0-1"]
[WhiteElo "2045"]
[BlackElo "2127"]
[PlyCount "46"]
[EventDate "2011.11.19"]
[EventType "tourn"]
[EventRounds "10"]
[EventCountry "HUN"]
[EventCategory "1"]
[SourceTitle "CBM 145 Extra"]
[Source "ChessBase"]
[SourceDate "2012.01.03"]
[SourceVersion "1"]
[SourceVersionDate "2012.01.03"]
[SourceQuality "1"]

1. e4 e6 2. d4 d5 3. Nd2 Nc6 4. Ngf3 Nf6 5. e5 Nd7 6. Bd3 f6 7. exf6 Qxf6 8. Nf1 e5 9. Bg5 Qf7 10. dxe5 Ndxe5 11. Nxe5 Nxe5 12. Qe2 Bd6 13. f4 Bg4 14. Qe3 0-0 15. fxe5 Rae8 16. h3 Bh5 17. g4 Rxe5 18. gxh5 Qf3 19. Rg1 Rfe8 20. Kd2 Rxe3 21. Bxe3 Bf4 22. Bxf4 Qxf4+ 23. Kc3 Qf6+ 0-1

[Event "Kecskemet Caissa IM 11"]
[Site "Kecskemet"]
[Date "2011.11.22"]
[Round "5"]
[White "Kristinsson, Bjarni Jens"]
[Black "Meszaros, Gyula"]
[Result "0-1"]
[WhiteElo "2045"]
[BlackElo "2314"]
[PlyCount "90"]
[EventDate "2011.11.19"]
[EventType "tourn"]
[EventRounds "10"]
[EventCountry "HUN"]
[EventCategory "1"]
[SourceTitle "CBM 145 Extra"]
[Source "ChessBase"]
[SourceDate "2012.01.03"]
[SourceVersion "1"]
[SourceVersionDate "2012.01.03"]
[SourceQuality "1"]

1. e4 d6 2. d4 Nf6 3. Nc3 c6 4. Be3 e5 5. dxe5 dxe5 6. Qxd8+ Kxd8 7. Nf3 Bd6 8. 0-0-0 Ke7 9. Bc4 Be6 10. Bxe6 fxe6 11. Ne1 b5 12. f3 Nbd7 13. Nd3 a6 14. a4 Rhb8 15. Rd2 c5 16. Rhd1 c4 17. Nf2 Bb4 18. g4 Rb7 19. g5 Nh5 20. a5 Rf8 21. Ng4 Nf4 22. h4 Ke8 23. Rf2 Nh3 24. Rff1 Ke7 25. Na2 Bxa5 26. Nxe5 Nxe5 27. f4 Nd7 28. Rf3 Nxf4 29. Rxf4 Rxf4 30. Bxf4 e5 31. Bg3 Rb8 32. b4 cxb3 33. cxb3 Rc8+ 34. Kb2 Ke6 35. Rd5 Bb6 36. Rd2 Bd4+ 37. Kb1 Nc5 38. Rc2 Rf8 39. Nb4 Rf1+ 40. Rc1 Rxc1+ 41. Kxc1 a5 42. Nc6 Nxb3+ 43. Kc2 Nc5 44. Nxa5 Nxe4 45. Be1 Bf2 0-1

[Event "Kecskemet Caissa IM 11"]
[Site "Kecskemet"]
[Date "2011.11.19"]
[Round "1"]
[White "Hou, Qiang"]
[Black "Kristinsson, Bjarni Jens"]
[Result "1-0"]
[WhiteElo "2322"]
[BlackElo "2045"]
[PlyCount "59"]
[EventDate "2011.11.19"]
[EventType "tourn"]
[EventRounds "10"]
[EventCountry "HUN"]
[EventCategory "1"]
[SourceTitle "CBM 145 Extra"]
[Source "ChessBase"]
[SourceDate "2012.01.03"]
[SourceVersion "1"]
[SourceVersionDate "2012.01.03"]
[SourceQuality "1"]

1. e4 c5 2. Nf3 d6 3. d4 cxd4 4. Nxd4 Nf6 5. Nc3 a6 6. Bg5 e6 7. f4 h6 8. Bh4 Qb6 9. Qd2 Qxb2 10. Rb1 Qa3 11. Be2 Be7 12. 0-0 Nbd7 13. Rf3 Qc5 14. Bf2 Qc7 15. Rg3 Nc5 16. Bf3 g6 17. Re1 e5 18. Nd5 Nxd5 19. exd5 exd4 20. Bxd4 0-0 21. f5 Bg5 22. Rxg5 hxg5 23. f6 Ne6 24. dxe6 fxe6 25. Qxg5 Qf7 26. Be4 e5 27. Bd5 Bf5 28. Bxf7+ Kxf7 29. Bf2 Bxc2 30. Qd2 1-0

[Event "Budapest FS11 FM-A"]
[Site "Budapest"]
[Date "2011.11.15"]
[Round "11"]
[White "Kristinsson, Bjarni Jens"]
[Black "Gupta, Bhaskar"]
[Result "0-1"]
[WhiteElo "2045"]
[BlackElo "1998"]
[PlyCount "112"]
[EventDate "2011.11.05"]
[EventType "tourn"]
[EventRounds "11"]
[EventCountry "HUN"]
[SourceTitle "EXT 2012"]
[Source "ChessBase"]
[SourceDate "2011.11.24"]
[SourceVersion "1"]
[SourceVersionDate "2011.11.24"]
[SourceQuality "1"]

1. e4 e6 2. d4 d5 3. Nd2 Nf6 4. e5 Nfd7 5. Bd3 c5 6. c3 Nc6 7. Ne2 cxd4 8. cxd4 f6 9. Nf4 Nxd4 10. Qh5+ Ke7 11. exf6+ Nxf6 12. Ng6+ hxg6 13. Qxh8 Kf7 14. 0-0 e5 15. Nb3 Nxb3 16. axb3 e4 17. Be2 Be6 18. Bf4 d4 19. Bc4 Bxc4 20. bxc4 Nh5 21. Be5 d3 22. g3 Qb6 23. g4 Nf6 24. Qh3 Qe6 25. Bxf6 gxf6 26. b3 Kg7 27. Qg2 Bb4 28. h3 d2 29. Qg3 Rd8 30. Rad1 a5 31. Qc7+ Rd7 32. Qc8 e3 33. fxe3 Qxe3+ 34. Kg2 Qe4+ 35. Kg1 Re7 36. g5 f5 37. Qd8 Qe3+ 38. Kh2 Bc3 39. Kg2 Qxg5+ 40. Kh1 Qe3 41. Kg2 Qe4+ 42. Rf3 Bb4 43. Qd3 Qe2+ 44. Qxe2 Rxe2+ 45. Rf2 Re3 46. Rf3 Re1 47. Rf1 g5 48. Kg3 Kf6 49. Kf3 Ke5 50. Rg1 g4+ 51. hxg4 fxg4+ 52. Kxg4 Ke4 53. Rf1 Ke3 54. Rxd2 Kxd2 55. Rf7 b6 56. Rf6 Bc5 0-1

[Event "Budapest FS11 FM-A"]
[Site "Budapest"]
[Date "2011.11.08"]
[Round "4"]
[White "Kristinsson, Bjarni Jens"]
[Black "Juracsik, Jozsef"]
[Result "0-1"]
[WhiteElo "2045"]
[BlackElo "2172"]
[PlyCount "54"]
[EventDate "2011.11.05"]
[EventType "tourn"]
[EventRounds "11"]
[EventCountry "HUN"]
[SourceTitle "EXT 2012"]
[Source "ChessBase"]
[SourceDate "2011.11.24"]
[SourceVersion "1"]
[SourceVersionDate "2011.11.24"]
[SourceQuality "1"]

1. e4 c5 2. Nf3 d6 3. d4 cxd4 4. Nxd4 Nf6 5. Nc3 a6 6. Bg5 e6 7. f4 Nc6 8. Nxc6 bxc6 9. e5 h6 10. Bh4 g5 11. fxg5 Nd5 12. Nxd5 cxd5 13. Qh5 Be7 14. exd6 Qxd6 15. Be2 Qe5 16. 0-0 Rf8 17. Rxf7 Rxf7 18. Rf1 Bc5+ 19. Bf2 Bxf2+ 20. Rxf2 Raa7 21. gxh6 Qe3 22. Bf3 Kd8 23. Qh4+ Rae7 24. h3 Rh7 25. Kh2 Rxh6 26. Qg3 Rf6 27. Qd6+ Rd7 0-1

[Event "Budapest FS11 FM-A"]
[Site "Budapest"]
[Date "2011.11.06"]
[Round "2"]
[White "Kristinsson, Bjarni Jens"]
[Black "Zala, Gyula"]
[Result "0-1"]
[WhiteElo "2045"]
[BlackElo "1999"]
[PlyCount "78"]
[EventDate "2011.11.05"]
[EventType "tourn"]
[EventRounds "11"]
[EventCountry "HUN"]
[SourceTitle "EXT 2012"]
[Source "ChessBase"]
[SourceDate "2011.11.24"]
[SourceVersion "1"]
[SourceVersionDate "2011.11.24"]
[SourceQuality "1"]

1. e4 e5 2. Nf3 d5 3. exd5 e4 4. Qe2 Be7 5. Qxe4 Nf6 6. Bb5+ c6 7. dxc6 bxc6 8. Bxc6+ Nxc6 9. Qxc6+ Bd7 10. Qa6 Qc7 11. Nc3 Rb8 12. 0-0 0-0 13. b3 Rb6 14. Qa5 Qb7 15. Bb2 Rc8 16. Qe5 Bg4 17. Rfe1 Bd6 18. Qe3 Qb8 19. Ne5 h5 20. Na4 Rb4 21. c4 Rxa4 22. Nxg4 Nxg4 23. Qc3 f6 24. bxa4 Bc5 25. d4 Bb4 26. Qf3 Qxh2+ 27. Kf1 Qh1+ 28. Ke2 Re8+ 29. Kd3 Bxe1 30. Qd5+ Kh8 31. Kc2 Qh4 32. Rd1 Nxf2 33. Qc6 Re2+ 34. Kb1 Nxd1 35. Qc8+ Kh7 36. Qf5+ Kg8 37. Qc8+ Kf7 38. Qd7+ Re7 39. Qd5+ Kg6 0-1

[Event "Oslo op ELO"]
[Site "Oslo"]
[Date "2011.10.02"]
[Round "2"]
[White "Kristinsson, Bjarni Jens"]
[Black "Lie, Terje"]
[Result "1-0"]
[WhiteElo "2033"]
[BlackElo "1663"]
[PlyCount "83"]
[EventDate "2011.10.02"]
[EventType "swiss"]
[EventRounds "9"]
[EventCountry "NOR"]
[SourceTitle "EXT 2023"]
[Source "ChessBase"]
[SourceDate "2022.10.05"]
[SourceVersion "1"]
[SourceVersionDate "2022.10.05"]
[SourceQuality "1"]

1. e4 g6 2. d4 d6 3. Nc3 Nf6 4. Bc4 Bg7 5. Qe2 0-0 6. e5 Ne8 7. f4 e6 8. Nf3 d5 9. Bd3 c6 10. 0-0 Nc7 11. Be3 b6 12. Kh1 Qe7 13. Qf2 Ba6 14. Bxa6 Nbxa6 15. Ne2 c5 16. c3 c4 17. g4 f5 18. exf6 Bxf6 19. Rae1 Rae8 20. Ng3 b5 21. Qc2 Bh4 22. Re2 Bxg3 23. hxg3 Qg7 24. Kg2 Rf6 25. Bc1 Nb8 26. b3 a6 27. Ne5 Nd7 28. g5 Rff8 29. Ba3 Rf5 30. g4 Rxe5 31. fxe5 h5 32. gxh6 Qxh6 33. Qd2 Qxd2 34. Rxd2 a5 35. Bd6 Na6 36. g5 b4 37. cxb4 c3 38. Rd3 axb4 39. Rh3 Kg7 40. Rfh1 Nf8 41. Rh8 c2 42. Bxf8+ 1-0

[Event "EU-Cup 27th"]
[Site "Rogaska Slatina"]
[Date "2011.09.27"]
[Round "3"]
[White "Gislason, Gudmundur"]
[Black "Kristinsson, Bjarni Jens"]
[Result "1-0"]
[WhiteElo "2295"]
[BlackElo "2033"]
[PlyCount "103"]
[EventDate "2011.09.25"]
[EventType "team-swiss"]
[EventRounds "7"]
[EventCountry "SLO"]
[SourceTitle "CBM 145"]
[Source "ChessBase"]
[SourceDate "2011.11.11"]
[SourceVersion "1"]
[SourceVersionDate "2011.11.11"]
[SourceQuality "1"]
[WhiteTeam "Bolungarvik"]
[BlackTeam "Hellir"]
[WhiteTeamCountry "ISL"]
[BlackTeamCountry "ISL"]

1. Nf3 Nf6 2. g3 g6 3. Bg2 Bg7 4. 0-0 0-0 5. c4 c5 6. Nc3 Nc6 7. d3 d6 8. Rb1 a6 9. a3 Rb8 10. b4 e5 11. Nd2 Bd7 12. Nde4 Nxe4 13. Nxe4 Qe7 14. Bg5 f6 15. Be3 cxb4 16. axb4 Kh8 17. Qc1 Nd4 18. Bxd4 exd4 19. Qf4 d5 20. cxd5 f5 21. d6 Qe8 22. Ng5 h6 23. Nf3 g5 24. Qd2 Qe6 25. e3 Qxd6 26. Nxd4 f4 27. Rfe1 Bxd4 28. exd4 Qxd4 29. Re4 Qf6 30. Rbe1 f3 31. Bf1 Rbe8 32. h4 gxh4 33. Rxh4 Kg7 34. Ree4 Rxe4 35. dxe4 Be6 36. Rf4 Qg5 37. Qc3+ Kg8 38. Rxf8+ Kxf8 39. Qxf3+ Kg8 40. Qc3 Qe7 41. Qd4 Kh7 42. Bd3 Qd7 43. e5+ Kg7 44. Qe4 Kf8 45. Qg6 h5 46. Qh6+ Ke7 47. Qf6+ Ke8 48. Bg6+ Bf7 49. e6 Qd1+ 50. Kh2 Bxg6 51. Qxg6+ Kd8 52. Qf6+ 1-0

[Event "Dimitrovgrad op"]
[Site "Dimitrovgrad"]
[Date "2011.09.06"]
[Round "7"]
[White "Kristinsson, Bjarni Jens"]
[Black "Banov, Boil"]
[Result "1/2-1/2"]
[WhiteElo "2033"]
[BlackElo "2127"]
[PlyCount "56"]
[EventDate "2011.09.05"]
[EventType "swiss"]
[EventRounds "7"]
[EventCountry "BUL"]
[SourceTitle "CBM 144 Extra"]
[Source "ChessBase"]
[SourceDate "2011.10.28"]
[SourceVersion "1"]
[SourceVersionDate "2011.10.28"]
[SourceQuality "1"]

1. e4 c6 2. d4 d5 3. exd5 cxd5 4. c4 Nf6 5. Nc3 Nc6 6. Be3 Be6 7. cxd5 Bxd5 8. Nf3 e6 9. Bb5 Be7 10. 0-0 0-0 11. Rc1 a6 12. Nxd5 axb5 13. Nxe7+ Nxe7 14. Qb3 Nfd5 15. Rc5 b4 16. Bd2 Nc6 17. Rfc1 Ra6 18. h3 Qa8 19. Ra1 Qa7 20. Qc4 h6 21. Ne5 Nxe5 22. dxe5 Ra4 23. Rb5 Qa6 24. b3 Rxa2 25. Rxa2 Qxa2 26. Bxb4 Nxb4 27. Qxb4 Rd8 28. Rxb7 Rd1+ 1/2-1/2

[Event "Reykjavik op"]
[Site "Reykjavik"]
[Date "2011.03.13"]
[Round "6.62"]
[White "Sverrisson, Nokkvi"]
[Black "Kristinsson, Bjarni Jens"]
[Result "1-0"]
[WhiteElo "1824"]
[BlackElo "2039"]
[PlyCount "27"]
[EventDate "2011.03.09"]
[EventType "swiss"]
[EventRounds "9"]
[EventCountry "ISL"]
[SourceTitle "CBM 141 Extra"]
[Source "ChessBase"]
[SourceDate "2011.05.03"]
[SourceVersion "1"]
[SourceVersionDate "2011.05.03"]
[SourceQuality "1"]

1. e4 e5 2. Nf3 Nc6 3. d4 exd4 4. Bc4 Nf6 5. e5 d5 6. Bb5 Bb4+ 7. c3 dxc3 8. bxc3 Bc5 9. exf6 Qxf6 10. Qxd5 Qe7+ 11. Qe5 Qxe5+ 12. Nxe5 0-0 13. Nxc6 Re8+ 14. Be3 1-0

[Event "ISL-chT2 1011"]
[Site "Reykjavik"]
[Date "2010.10.09"]
[Round "3.1"]
[White "Kristinsson, Bjarni Jens"]
[Black "Arnalds, Stefan"]
[Result "1/2-1/2"]
[WhiteElo "2062"]
[BlackElo "2005"]
[PlyCount "30"]
[EventDate "2010.10.08"]
[EventType "team"]
[EventRounds "7"]
[EventCountry "ISL"]
[SourceTitle "EXT 2014"]
[Source "ChessBase"]
[SourceDate "2013.11.20"]
[SourceVersion "1"]
[SourceVersionDate "2013.11.20"]
[SourceQuality "1"]

1. d4 Nf6 2. Nf3 g6 3. g3 Bg7 4. Bg2 0-0 5. c4 d6 6. 0-0 Nbd7 7. Nc3 c6 8. b3 Re8 9. Bb2 e5 10. dxe5 dxe5 11. e3 Qa5 12. Nd2 Nc5 13. Nde4 Nfxe4 14. Nxe4 Nxe4 15. Bxe4 Bh3 1/2-1/2

[Event "Politiken Cup 32nd"]
[Site "Copenhagen"]
[Date "2010.08.04"]
[Round "6"]
[White "Schou Moldt, Thomas"]
[Black "Kristinsson, Bjarni Jens"]
[Result "0-1"]
[WhiteElo "2183"]
[BlackElo "2044"]
[PlyCount "79"]
[EventDate "2010.07.31"]
[EventType "swiss"]
[EventRounds "10"]
[EventCountry "DEN"]
[SourceTitle "CBM 137 Extra"]
[Source "ChessBase"]
[SourceDate "2010.09.01"]
[SourceVersion "1"]
[SourceVersionDate "2010.09.01"]
[SourceQuality "1"]

1. e4 e6 2. d4 d5 3. Nd2 dxe4 4. Nxe4 Nd7 5. Bd3 Ngf6 6. Ng5 h6 7. N5f3 c5 8. Qe2 Be7 9. Nh3 b6 10. g4 Bb7 11. g5 hxg5 12. Nhxg5 cxd4 13. Rg1 Qc7 14. Bd2 Rf8 15. Nxd4 0-0-0 16. f4 Nd5 17. Qf1 Bc5 18. Nb5 Qb8 19. Rg3 g6 20. a3 a6 21. b4 Be7 22. Nd4 e5 23. Ne2 exf4 24. Nxf4 Qe5+ 25. Kf2 Nxf4 26. Nf3 Nxd3+ 27. cxd3 Bxf3 28. Rxf3 Qxh2+ 29. Ke1 Qe5+ 30. Kf2 Bg5 31. Qc1+ Kb7 32. Bxg5 Rc8 33. Qh1 Rc2+ 34. Kg1 Ka7 35. Qh3 Qxa1+ 36. Rf1 Qd4+ 37. Be3 Qd5 38. a4 Rh8 39. Bxb6+ Nxb6 40. Qf3 0-1

[Event "Politiken Cup 32nd"]
[Site "Copenhagen"]
[Date "2010.08.03"]
[Round "5"]
[White "Kristinsson, Bjarni Jens"]
[Black "Nielsen, Palle"]
[Result "0-1"]
[WhiteElo "2044"]
[BlackElo "1851"]
[PlyCount "53"]
[EventDate "2010.07.31"]
[EventType "swiss"]
[EventRounds "10"]
[EventCountry "DEN"]
[SourceTitle "CBM 137 Extra"]
[Source "ChessBase"]
[SourceDate "2010.09.01"]
[SourceVersion "1"]
[SourceVersionDate "2010.09.01"]
[SourceQuality "1"]

1. d4 e6 2. Nf3 Nf6 3. g3 d5 4. Bg2 c5 5. 0-0 Nc6 6. a3 b5 7. b3 Qb6 8. Bb2 c4 9. Nbd2 Rb8 10. Re1 Be7 11. e4 0-0 12. e5 Nh5 13. b4 f5 14. exf6 Bxf6 15. c3 Bd7 16. Ne5 Nxe5 17. dxe5 Bxe5 18. Rxe5 Rxf2 19. Kh1 Rbf8 20. Qe1 Nf6 21. h3 Ne4 22. Nxe4 dxe4 23. Bc1 Qd6 24. Bf4 R2xf4 25. gxf4 Rxf4 26. Rxe4 Rf6 27. Rd1 0-1

[Event "ISL-chB"]
[Site "Mosfellsbaer"]
[Date "2010.04.02"]
[Round "2"]
[White "Sigurdarson, Emil"]
[Black "Kristinsson, Bjarni Jens"]
[Result "0-1"]
[WhiteElo "1641"]
[BlackElo "2041"]
[PlyCount "98"]
[EventDate "2010.03.31"]
[EventType "swiss"]
[EventRounds "9"]
[EventCountry "ISL"]
[SourceTitle "EXT 2014"]
[Source "ChessBase"]
[SourceDate "2013.11.20"]
[SourceVersion "1"]
[SourceVersionDate "2013.11.20"]
[SourceQuality "1"]

1. e4 c5 2. c3 Nf6 3. e5 Nd5 4. d4 cxd4 5. Nf3 e6 6. cxd4 b6 7. Nc3 Bb7 8. Bc4 Nxc3 9. bxc3 Qc7 10. Qd3 d5 11. Bb5+ Bc6 12. 0-0 Be7 13. Bg5 Bxb5 14. Qxb5+ Qc6 15. a4 Bxg5 16. Nxg5 h6 17. Nf3 0-0 18. Rfc1 Rc8 19. Nd2 Qxb5 20. axb5 a5 21. bxa6 Rxa6 22. Rxa6 Nxa6 23. Kf1 Nb4 24. Ke2 Nc6 25. Kd3 Nb4+ 26. Ke2 Nc6 27. Kd3 Na5 28. Rb1 Rc6 29. Rb4 f6 30. f4 Kf7 31. g4 f5 32. gxf5 exf5 33. c4 dxc4+ 34. Nxc4 Nxc4 35. Rxc4 Rxc4 36. Kxc4 g5 37. fxg5 hxg5 38. Kd5 f4 39. Kd6 f3 40. Kd7 f2 41. e6+ Kf6 42. e7 f1Q 43. e8Q Qb5+ 44. Kd8 Qxe8+ 45. Kxe8 Ke6 46. Kd8 Kd6 47. Kc8 b5 48. Kb7 b4 49. h4 gxh4 0-1